[Event "Moscow Open C University Men"]
[Site "Moscow RUS"]
[Date "2011.02.05"]
[Round "8.24"]
[White "Edzhibia, David"]
[Black "Myshkin, Nikita"]
[Result "0-1"]
[WhiteElo "2054"]
[BlackElo "2174"]
[WhiteFideId "24109851"]
[BlackFideId "4124561"]
[EventDate "2011.01.29"]

1. e4 e5 2. Nf3 Nc6 3. Bb5 a6 4. Ba4 Nf6 5. O-O b5 6. Bb3 Be7 7. Re1 d6 8. h3
O-O 9. c3 Nb8 10. d4 Nbd7 11. Nbd2 Bb7 12. Bc2 Re8 13. Nf1 Bf8 14. Ng3 g6 15.
Bd2 h6 16. Qc1 Kh7 17. Bd3 c5 18. b4 cxd4 19. cxd4 Rc8 20. Qb2 exd4 21. Qxd4 Bg7
22. Qe3 Nxe4 23. Bxe4 f5 24. Qf4 Bxe4 25. Nxe4 fxe4 26. Nh4 Qf6 27. Qg4 Ne5 28.
Qxe4 d5 29. Qd4 Nc4 30. Qxf6 Bxf6 31. Nf3 Bxa1 32. Rxa1 Nxd2 33. Nxd2 Rc2 34.
Nb3 Ree2 35. Rf1 Rxa2 36. Nc1 Kg7 37. Nxa2 Rxa2 38. Rd1 Rb2 39. Rxd5 Rxb4 40.
Rd7+ Kf8 41. Kf1 a5 42. Ke2 a4 43. Rd2 a3 44. Kd3 Rb3+ 45. Kd4 Rb2 46. Rd3 b4
47. Rd1 a2 48. Ra1 b3 0-1

[Event "Moscow Open C University Men"]
[Site "Moscow RUS"]
[Date "2011.02.05"]
[Round "8.25"]
[White "Vorobjev, Dmitry"]
[Black "Shvydkin, Pavel"]
[Result "1/2-1/2"]
[WhiteElo "2154"]
[BlackElo "2064"]
[WhiteFideId "24112178"]
[BlackFideId "24148849"]
[EventDate "2011.01.29"]

1. e4 c5 2. Nf3 Nc6 3. d4 cxd4 4. Nxd4 Nf6 5. Nc3 e5 6. Ndb5 d6 7. Bg5 a6 8. Na3
b5 9. Nd5 Be7 10. Bxf6 Bxf6 11. c4 b4 12. Nc2 Rb8 13. b3 O-O 14. g3 g6 15. Bg2
Bg7 16. O-O Be6 17. Qd2 Qa5 18. a3 bxa3 19. b4 Qd8 20. Rxa3 Bc8 21. Rd1 Kh8 22.
Bf1 f5 23. exf5 Rxf5 24. Nde3 Rf8 25. b5 axb5 26. cxb5 Nd4 27. Nxd4 exd4 28. Nc2
Bg4 29. Re1 Qb6 30. Ra6 Qb7 31. Rxd6 Rfd8 32. Rxd8+ Rxd8 33. Qg5 Qc8 34. Nb4 Bf5
35. Nc6 Rf8 36. Rd1 Qd7 37. Qd2 Qf7 38. Qf4 Qb3 39. Rxd4 Bh3 40. Qc1 Bxf1 41.
Rb4 Qxb4 42. Nxb4 Bxb5 43. Qc5 Bd7 44. Nd3 Bf5 45. Ne5 h5 46. Qd5 Kh7 47. Nf7
Rc8 48. Kg2 Rc2 49. Ng5+ Kh6 50. h4 Rc8 51. Qd2 Bc3 52. Qf4 Kg7 53. Ne4 Bxe4+
54. Qxe4 Rf8 55. f3 Bf6 56. g4 hxg4 57. Qxg4 Rh8 58. Qd7+ Kf8 59. f4 Rxh4 60.
Kf3 Rh1 61. Qb7 Rd1 62. Qh7 Rg1 63. Ke4 Bg7 64. Qh4 Rd1 65. Qg4 Rd4+ 66. Ke3 Kf7
67. Qc8 Bf6 68. Qb7+ Kg8 69. Kf3 Rd8 70. Kg4 Rd4 71. Kf3 Rd8 72. Kg4 Rd4 1/2-1/2

[Event "Moscow Open C University Men"]
[Site "Moscow RUS"]
[Date "2011.02.05"]
[Round "8.26"]
[White "Gureev, Dmitry"]
[Black "Kvasov, Sergey"]
[Result "1/2-1/2"]
[WhiteElo "2038"]
[BlackElo "1961"]
[WhiteFideId "24144428"]
[BlackFideId "24145939"]
[EventDate "2011.01.29"]

1. d4 f5 2. Bg5 h6 3. Bh4 g5 4. Bg3 Bg7 5. e3 Nf6 6. Bd3 d6 7. h4 g4 8. h5 c5 9.
c3 cxd4 10. exd4 O-O 11. Ne2 Qb6 12. Qc2 Qc6 13. Nd2 Qxg2 14. O-O-O Qc6 15. Bxf5
Bxf5 16. Qxf5 Qd5 17. Qxd5+ Nxd5 18. Rh4 Nf6 19. Nf4 Nbd7 20. Ne6 Rfc8 21. Re1
Bh8 22. Nf1 b5 23. Ne3 b4 24. Nf5 Kf7 25. Nxh6+ Ke8 26. Nxg4 Nd5 27. Ne3 N7f6
28. Nxd5 Nxd5 29. Nf4 Nxf4 30. Rxf4 bxc3 31. b3 Kd7 32. Rfe4 Bf6 33. Bh4 Bxh4
34. Rxh4 Rf8 35. Rh2 Rf4 36. h6 Rh8 37. h7 Rf7 38. Reh1 Kc6 39. Kc2 Rf3 40. Rg1
Rf7 41. Rgh1 Rf3 42. Rh5 Rxf2+ 43. Kxc3 Rf7 44. Kb4 e6 45. Rh6 Kd5 46. R1h4 e5
47. dxe5 dxe5 48. R6h5 Kd6 49. Kc4 Re7 50. Rh6+ Kd7 51. Kd3 e4+ 52. Ke3 Kc7 53.
b4 Kd7 54. a3 Kc7 55. a4 Kd7 56. Rxe4 Rhxh7 57. Rxh7 Rxh7 58. Rc4 Rh3+ 59. Kd2
Rh2+ 60. Kc3 Rh3+ 61. Kb2 1/2-1/2

[Event "Moscow Open C University Men"]
[Site "Moscow RUS"]
[Date "2011.02.05"]
[Round "8.27"]
[White "Cherny, Oleg"]
[Black "Guseinov, Djelal"]
[Result "0-1"]
[WhiteElo "2046"]
[BlackElo "1997"]
[WhiteFideId "24115886"]
[BlackFideId "4106571"]
[EventDate "2011.01.29"]

1. d4 Nf6 2. Nf3 g6 3. c4 Bg7 4. Nc3 O-O 5. g3 d6 6. Bg2 Nc6 7. O-O a6 8. d5 Na5
9. Qd3 c5 10. e4 Rb8 11. a4 Nb3 12. Ra2 Nxc1 13. Rxc1 Qc7 14. b3 e6 15. dxe6
Bxe6 16. Ng5 Ng4 17. Nxe6 fxe6 18. Bh3 h5 19. Bxg4 hxg4 20. Nd1 Rf3 21. Ne3 Bd4
22. Re1 e5 23. Rae2 Rbf8 24. Rf1 Qh7 25. Qd2 Qh3 26. Ng2 R8f7 27. Qg5 Kg7 28.
Nh4 R3f6 29. Nf5+ Kf8 30. Qh6+ Ke8 31. Qxh3 gxh3 32. Nxd4 cxd4 33. Rb2 Rf3 34.
Rc1 Rd3 35. Kf1 Rff3 36. b4 Rc3 37. Rcb1 Rxc4 38. a5 Rfc3 39. Ke2 Rc2+ 40. Rxc2
Rxc2+ 41. Kf3 Kd7 42. b5 axb5 43. Rxb5 Kc7 44. Rb1 Ra2 45. Rc1+ Kb8 46. Rf1 Rxa5
47. Kg4 d5 48. exd5 Rxd5 49. Kxh3 b5 50. Kg4 b4 51. Kf3 Kc7 52. Ke4 Rb5 53. f4
exf4 54. gxf4 b3 55. Kxd4 b2 56. Rb1 Kd6 57. h4 Ke6 58. Ke4 Rb4+ 59. Kf3 Kf5 60.
h5 Rb3+ 61. Kf2 gxh5 62. Kg2 Kxf4 63. Kf2 h4 64. Ke2 Kg3 65. Rg1+ Kh2 66. Rb1
Kg2 0-1

[Event "Moscow Open C University Men"]
[Site "Moscow RUS"]
[Date "2011.02.05"]
[Round "8.28"]
[White "Kuzin, Sergey"]
[Black "Protasov, Alexey"]
[Result "1-0"]
[WhiteElo "2028"]
[BlackElo "1914"]
[WhiteFideId "24124796"]
[BlackFideId "24114561"]
[EventDate "2011.01.29"]

1. d4 Nf6 2. c4 g6 3. g3 Bg7 4. Bg2 O-O 5. Nc3 c6 6. e3 d5 7. b3 Be6 8. c5 Na6
9. a3 Ne4 10. Nxe4 dxe4 11. Rb1 Bd5 12. Ne2 e5 13. O-O exd4 14. exd4 Nc7 15. Be3
Ne6 16. Qd2 Qe7 17. Rfd1 Rfd8 18. Nf4 Nc7 19. h4 Rd7 20. Bh3 Be6 21. Bf1 Rad8
22. Qb4 b5 23. a4 Na6 24. Qe1 Bg4 25. axb5 Bxd1 26. Rxd1 Nxc5 27. bxc6 Rd6 28.
d5 Nd3 29. Bxd3 exd3 30. Rxd3 Bh6 31. Qc3 Qe4 32. Qc4 f5 33. c7 Rc8 34. Qxe4
fxe4 35. Rc3 Bxf4 36. Bxf4 Rxd5 37. Rc4 Kf7 38. Kf1 Rd3 39. Rb4 Ke6 40. Ke2 Kd7
41. Ra4 Ra8 42. Rxe4 Rc3 43. Rd4+ Kc6 44. Rd8 Kb7 1-0

[Event "Moscow Open C University Men"]
[Site "Moscow RUS"]
[Date "2011.02.05"]
[Round "8.29"]
[White "Isaev, Evgeny"]
[Black "Partskhaladze, David"]
[Result "1-0"]
[WhiteElo "1940"]
[BlackElo "1755"]
[WhiteFideId "4176383"]
[BlackFideId "24133787"]
[EventDate "2011.01.29"]

1. d4 Nf6 2. c4 d6 3. Nf3 g6 4. Nc3 Bg7 5. g3 O-O 6. Bg2 c6 7. O-O Nbd7 8. e4 e5
9. Be3 Ng4 10. Qb3 Nxe3 11. fxe3 Qb6 12. Qc2 a5 13. Rad1 exd4 14. exd4 Ne5 15.
Ne2 Ng4 16. Rd3 f5 17. Nd2 Bh6 18. c5 dxc5 19. dxc5 Qc7 20. Nc4 Be6 21. Nd4 Qf7
22. Nxe6 Qxe6 23. Rd6 Qe7 24. h3 Ne5 25. exf5 Rxf5 26. Rxf5 gxf5 27. Rxh6 Qxc5+
28. Kh2 Qxc4 29. Qxf5 Ng6 30. Qd7 Nf8 31. Qxb7 Rd8 32. Rxc6 Qe2 33. Qb3+ Kh8 34.
Qc3+ Kg8 35. Qc4+ 1-0

[Event "Moscow Open C University Men"]
[Site "Moscow RUS"]
[Date "2011.02.05"]
[Round "8.30"]
[White "Koltunovsky, Evgeny"]
[Black "Shikin, Sergey"]
[Result "1-0"]
[WhiteElo "1806"]
[BlackElo "1797"]
[WhiteFideId "24101257"]
[BlackFideId "4140060"]
[EventDate "2011.01.29"]

1. d4 Nf6 2. c4 c5 3. d5 b5 4. cxb5 a6 5. f3 axb5 6. e4 Qa5+ 7. b4 Qxb4+ 8. Bd2
Qa4 9. Qc1 b4 10. Qxc5 Na6 11. Bxa6 Bxa6 12. Qxb4 Qc2 13. Qb3 Qc7 14. Nc3 e6 15.
Rc1 Qe5 16. Nge2 Bc5 17. Bf4 Qh5 18. e5 Ng8 19. Nb5 Bb6 20. Nd6+ Kf8 21. Qxb6 g6
22. h4 Nh6 23. Ng3 1-0

[Event "Moscow Open C University Men"]
[Site "Moscow RUS"]
[Date "2011.02.05"]
[Round "8.31"]
[White "Babkin, Ivan"]
[Black "Kyupriyski, Borislav"]
[Result "1-0"]
[WhiteElo "1953"]
[BlackElo "1922"]
[WhiteFideId "24142433"]
[BlackFideId "2910993"]
[EventDate "2011.01.29"]

1. d4 Nf6 2. Nc3 d5 3. Bg5 e6 4. e4 Be7 5. e5 Nfd7 6. Bxe7 Qxe7 7. a3 c5 8. Nb5
Qd8 9. Nd6+ Ke7 10. c3 Nc6 11. Ne2 f5 12. f3 Qf8 13. Qd2 Kd8 14. Qg5+ Kc7 15.
Nf4 Nd8 16. Qxd8+ Qxd8 17. Nxe6+ Kc6 18. Nxd8+ Rxd8 19. Nxf5 Nxe5 20. Ne7+ 1-0

[Event "Moscow Open C University Men"]
[Site "Moscow RUS"]
[Date "2011.02.06"]
[Round "9.3"]
[White "Evdokimov, Alexander A."]
[Black "Reshetnikov, Alexey"]
[Result "1/2-1/2"]
[WhiteTitle "GM"]
[BlackTitle "IM"]
[WhiteElo "2551"]
[BlackElo "2478"]
[WhiteFideId "4139275"]
[BlackFideId "4162080"]
[EventDate "2011.01.29"]

1. d4 d5 2. c4 c6 3. Nf3 Nf6 4. Nc3 dxc4 5. a4 e6 6. e3 c5 7. Bxc4 Nc6 8. O-O
cxd4 9. exd4 Be7 10. Qe2 O-O 11. Rd1 Nb4 12. Ne5 Bd7 13. Bg5 Bc6 14. a5 Bd5 15.
Nxd5 Nfxd5 16. Bxe7 1/2-1/2

[Event "Moscow Open C University Men"]
[Site "Moscow RUS"]
[Date "2011.02.06"]
[Round "9.4"]
[White "Sharafiev, Azat"]
[Black "Bagrationi, Alexander"]
[Result "1/2-1/2"]
[WhiteTitle "FM"]
[BlackTitle "IM"]
[WhiteElo "2462"]
[BlackElo "2459"]
[WhiteFideId "4186214"]
[BlackFideId "14104954"]
[EventDate "2011.01.29"]

1. d4 d5 2. c4 c6 3. Nc3 Nf6 4. cxd5 cxd5 5. Bf4 Nc6 6. e3 e6 7. Rc1 Bd6 8. Bxd6
Qxd6 9. f4 Ne4 10. Bd3 Qb4 11. Qe2 f5 12. Nf3 O-O 13. O-O Bd7 14. a3 Qb3 15. Bb5
Rfc8 16. Bxc6 Bxc6 17. Ne5 Be8 18. Nxe4 dxe4 19. Qd2 Bb5 20. Rxc8+ Rxc8 21. Rc1
Rxc1+ 22. Qxc1 h6 23. h3 Kh7 24. Kf2 b6 25. Ke1 1/2-1/2

[Event "Moscow Open C University Men"]
[Site "Moscow RUS"]
[Date "2011.02.06"]
[Round "9.5"]
[White "Tilicheev, Viacheslav"]
[Black "Ponkratov, Pavel"]
[Result "0-1"]
[WhiteTitle "FM"]
[BlackTitle "GM"]
[WhiteElo "2338"]
[BlackElo "2581"]
[WhiteFideId "24114928"]
[BlackFideId "4157800"]
[EventDate "2011.01.29"]

1. d4 Nf6 2. c4 a6 3. Nc3 c5 4. d5 b5 5. f3 e6 6. cxb5 axb5 7. e4 b4 8. Nb5 d6
9. Bg5 Ra5 10. dxe6 fxe6 11. a4 bxa3 12. Nxa3 d5 13. Bb5+ Bd7 14. Bxd7+ Nbxd7
15. Nh3 Qb6 16. exd5 exd5 17. Qe2+ Kf7 18. Bd2 Ra8 19. Ng5+ Kg8 20. Nc4 Rxa1+
21. Kf2 Qc6 22. Rxa1 dxc4 23. Qxc4+ Qd5 24. Qxd5+ Nxd5 25. Ra7 N5f6 26. Bc3 h6
27. Ne4 Rh7 28. Rc7 Nxe4+ 29. fxe4 g5 30. e5 Nf6 31. Rc8 Nd5 32. Kf3 Rc7 33. Rd8
Rf7+ 34. Ke4 Nxc3+ 35. bxc3 Rf4+ 36. Ke3 Kf7 37. g3 Rf1 38. Ke4 Ke6 39. Re8+ Be7
40. Ke3 Rf5 0-1

[Event "Moscow Open C University Men"]
[Site "Moscow RUS"]
[Date "2011.02.06"]
[Round "9.6"]
[White "Omariev, Maksim"]
[Black "Ovetchkin, Roman"]
[Result "0-1"]
[WhiteTitle "FM"]
[BlackTitle "GM"]
[WhiteElo "2335"]
[BlackElo "2498"]
[WhiteFideId "4193423"]
[BlackFideId "4119991"]
[EventDate "2011.01.29"]

1. e4 c6 2. Nc3 d5 3. Nf3 Bg4 4. h3 Bxf3 5. Qxf3 Nf6 6. d3 e6 7. Bd2 Bb4 8. a3
Ba5 9. e5 Nfd7 10. Qg3 Kf8 11. d4 c5 12. dxc5 d4 13. Ne4 Bxd2+ 14. Nxd2 Nc6 15.
Nb3 Ndxe5 16. O-O-O Qd5 17. Be2 g5 18. Rhe1 Rd8 19. Bf1 f6 20. f4 gxf4 21. Qxf4
Kg7 22. Be2 Rhf8 23. h4 Rf7 24. g4 Ng6 25. Qf2 e5 0-1

[Event "Moscow Open C University Men"]
[Site "Moscow RUS"]
[Date "2011.02.06"]
[Round "9.7"]
[White "Potapov, Pavel"]
[Black "Gutenev, Alexander"]
[Result "1-0"]
[WhiteTitle "IM"]
[BlackTitle "FM"]
[WhiteElo "2470"]
[BlackElo "2328"]
[WhiteFideId "4169786"]
[BlackFideId "4195540"]
[EventDate "2011.01.29"]

1. e4 c5 2. c3 Nf6 3. e5 Nd5 4. Nf3 Nc6 5. Bc4 Nb6 6. Bb3 c4 7. Bc2 Qc7 8. Qe2
g5 9. h3 Bg7 10. O-O Nxe5 11. Nxg5 h6 12. Nf3 d5 13. Re1 Nxf3+ 14. Qxf3 e5 15.
Qg3 Bf6 16. Na3 a6 17. d4 cxd3 18. Bf4 Be6 19. Rxe5 Qd7 20. Bxd3 Bxe5 21. Bxe5
Rf8 22. Bf6 Qc6 23. f4 Nd7 24. Bg7 Qb6+ 25. Kh2 Qxb2 26. Nc2 O-O-O 27. f5 Rg8
28. fxe6 fxe6 29. Re1 Nc5 30. Bh7 Ne4 31. Rxe4 dxe4 32. Bxg8 Rxg8 33. Nd4 Qxa2
34. Qg6 e5 35. Nf5 Kb8 36. Ne7 Rd8 37. Bxe5+ Ka8 38. Bd4 Qb2 39. Nd5 1-0

[Event "Moscow Open C University Men"]
[Site "Moscow RUS"]
[Date "2011.02.06"]
[Round "9.8"]
[White "Zimin, Alexey"]
[Black "Nakhapetiane, Pogos"]
[Result "0-1"]
[BlackTitle "FM"]
[WhiteElo "2208"]
[BlackElo "2469"]
[WhiteFideId "4168925"]
[BlackFideId "4166728"]
[EventDate "2011.01.29"]

1. e4 c5 2. Na3 Nc6 3. Bb5 d6 4. c3 Nf6 5. d3 Bd7 6. f4 a6 7. Bxc6 Bxc6 8. Nf3
e6 9. O-O Be7 10. Kh1 O-O 11. Nc2 Qc7 12. Ne3 b5 13. Qe1 c4 14. e5 Nd5 15. Nxd5
Bxd5 16. d4 Qb7 17. Qg3 f5 18. Bd2 a5 19. a3 Rfb8 20. Qf2 dxe5 21. fxe5 h6 22.
Qg3 Kh7 23. h4 Rg8 24. Kg1 Qd7 25. Kf2 b4 26. axb4 axb4 27. Rh1 Rxa1 28. Rxa1
Rb8 29. h5 Qe8 30. Ra7 Rb7 31. Rxb7 Bxb7 32. Qh3 b3 33. g4 fxg4 34. Qxg4 Qf7 35.
Kg3 Bc6 36. Bf4 Be4 37. Nd2 Bd3 38. Be3 g5 39. hxg6+ Bxg6 40. Nxc4 Bf5 41. Qf3
Qg6+ 42. Kh2 Be4 43. Qh3 Bh4 44. Bf4 Qh5 45. Bg3 Qe2+ 46. Kg1 Qd1+ 47. Qf1 Qxf1+
48. Kxf1 Bxg3 49. Na5 Bc2 50. c4 Kg7 51. c5 Kf7 52. Ke2 Ke8 53. Nc4 Kd7 54. Ne3
Bf4 55. d5 Bxe3 0-1

[Event "Moscow Open C University Men"]
[Site "Moscow RUS"]
[Date "2011.02.06"]
[Round "9.9"]
[White "Shukh, Nikolai"]
[Black "Kurukin, Dmitry"]
[Result "1/2-1/2"]
[WhiteTitle "IM"]
[WhiteElo "2442"]
[BlackElo "2313"]
[WhiteFideId "24102580"]
[BlackFideId "24113174"]
[EventDate "2011.01.29"]

1. e4 c5 2. Nf3 d6 3. d4 cxd4 4. Nxd4 Nf6 5. Nc3 a6 6. Bg5 Nbd7 7. f4 Qc7 8. Qf3
h6 9. Bxf6 Nxf6 10. h3 e6 11. O-O-O Be7 12. g4 g5 13. f5 Bd7 14. Bg2 Rc8 15.
fxe6 fxe6 16. Rhe1 b5 17. Rd2 O-O 18. Qd3 b4 19. Nd1 Qc4 20. Qxc4 Rxc4 21. Bf1
Rc5 22. Nf2 a5 23. b3 Re5 24. Bg2 d5 25. Nd3 Rxe4 26. Bxe4 Nxe4 27. Rg2 Bd6 28.
Rgg1 e5 29. Nf5 Bxf5 30. gxf5 Rxf5 31. Rgf1 Rf4 32. Nxf4 gxf4 33. Rg1+ Kf7 34.
Rg2 f3 35. Rf1 Ng5 36. h4 e4 37. hxg5 hxg5 38. Kd1 Bf4 39. Rg4 Be3 40. Rg3 Kf6
41. Rgxf3+ exf3 42. Rxf3+ Bf4 43. Rh3 Kf5 44. Rh7 Ke4 45. Ke2 Kd4 46. Ra7 Kc3
47. Rxa5 d4 48. Rc5+ Kb2 49. Kd3 Be3 50. Rb5 g4 51. Rxb4 g3 52. Rb8 g2 53. Rg8
g1=Q 54. Rxg1 Bxg1 1/2-1/2

[Event "Moscow Open C University Men"]
[Site "Moscow RUS"]
[Date "2011.02.06"]
[Round "9.10"]
[White "Efanov, Nikolai"]
[Black "Chizhikov, Vladislav"]
[Result "0-1"]
[WhiteTitle "IM"]
[WhiteElo "2421"]
[BlackElo "2225"]
[WhiteFideId "4187997"]
[BlackFideId "4178157"]
[EventDate "2011.01.29"]

1. e4 c5 2. Nf3 e6 3. Nc3 Nc6 4. Bb5 Nd4 5. a4 a6 6. Bc4 Qc7 7. d3 Nxf3+ 8. Qxf3
b6 9. O-O Bb7 10. Qh3 Ne7 11. f4 f5 12. e5 Nc6 13. Be3 Be7 14. Qg3 O-O-O 15. h4
Rdg8 16. Kf2 g6 17. Rh1 h6 18. Qh3 Rh7 19. g3 Rhg7 20. Rhg1 Nb4 21. Bb3 Qc6 22.
Ke2 g5 23. hxg5 hxg5 24. Raf1 b5 25. axb5 axb5 26. Kd2 Kc7 27. Ba2 Ra8 28. Ra1
Rgg8 29. Qh2 Rh8 30. Qe2 Rh3 31. fxg5 Rg8 32. Bb3 Bxg5 33. Raf1 Bxe3+ 34. Qxe3
Rg4 35. Rf4 Rxf4 36. Qxf4 Rh2+ 37. Kc1 c4 38. dxc4 bxc4 39. Bxc4 Qc5 40. Rf1
Nxc2 41. Bb3 Ne3 42. Re1 Ng2 43. Qd2 Nxe1 44. Qxh2 Nd3+ 45. Kd2 Nxe5 46. Bd1
Qd4+ 47. Kc1 Qe3+ 48. Kb1 Bc6 49. Be2 Kb7 50. Qh4 Be4+ 51. Ka2 Qa7+ 52. Kb3 Qb6+
53. Ka2 Qa5+ 54. Kb3 Nc6 55. Nxe4 Nd4+ 56. Kc4 Qd5+ 57. Kb4 fxe4 58. Bc4 Nc6+
59. Kc3 Qd4+ 60. Kb3 Na5+ 0-1

[Event "Moscow Open C University Men"]
[Site "Moscow RUS"]
[Date "2011.02.06"]
[Round "9.11"]
[White "Seliverstov, Vladimir"]
[Black "Yaksin, Oleg"]
[Result "0-1"]
[WhiteTitle "FM"]
[WhiteElo "2304"]
[BlackElo "2410"]
[WhiteFideId "4192036"]
[BlackFideId "24105880"]
[EventDate "2011.01.29"]

1. d4 Nf6 2. c4 e6 3. g3 d5 4. Bg2 dxc4 5. Qa4+ Nbd7 6. Nf3 a6 7. Nc3 c5 8. O-O
cxd4 9. Nxd4 Qc7 10. Nf3 Nd5 11. Nxd5 exd5 12. Nd4 Bc5 13. Bf4 Qd8 14. Nb5 O-O
15. Nc7 g5 16. Nxa8 gxf4 17. Bxd5 Ne5 18. Bg2 fxg3 19. hxg3 Qg5 20. b4 cxb3 21.
Qxb3 Ng4 22. Bh3 Nxf2 23. Bxc8 Ng4+ 24. e3 Nxe3 25. Rf3 Nc2+ 26. Kg2 Nxa1 27.
Qxb7 Nc2 28. Rf4 Ne3+ 29. Kh2 Bd6 30. Rf3 Bxg3+ 0-1

[Event "Moscow Open C University Men"]
[Site "Moscow RUS"]
[Date "2011.02.06"]
[Round "9.13"]
[White "Tiukaev, Ilgiz"]
[Black "Matsenko, Sergei"]
[Result "1/2-1/2"]
[BlackTitle "IM"]
[WhiteElo "2117"]
[BlackElo "2475"]
[WhiteFideId "14201305"]
[BlackFideId "4170083"]
[EventDate "2011.01.29"]

1. e4 c5 2. Nc3 Nc6 3. g3 g6 4. Bg2 Bg7 5. d3 d6 6. f4 e6 7. Nf3 Nge7 8. O-O O-O
9. Be3 Nd4 10. Bf2 Nec6 11. e5 Rb8 12. exd6 b6 13. Nxd4 Nxd4 14. Ne4 Nf5 15. c3
Bb7 16. Qa4 Nxd6 17. Rad1 Nf5 18. Rfe1 Bd5 19. a3 a5 20. Ng5 h6 21. Nf3 Qc7 22.
Ne5 Rfd8 23. c4 Bxg2 24. Kxg2 Bxe5 25. Rxe5 Qb7+ 26. Kg1 Qf3 27. Qc2 Nd4 28.
Bxd4 Rxd4 29. Qe2 Qc6 30. Re4 Rbd8 31. Rxd4 Rxd4 32. Kf2 Qd6 33. Qf3 Kg7 34. Ke2
e5 35. fxe5 Qxe5+ 36. Kd2 Rd6 37. Kc2 Rf6 38. Qg2 Qe3 39. Rd2 Qe1 40. Qe2 Qg1
41. Qe5 a4 42. Re2 Qf1 43. Re4 Qf5 44. Qxf5 Rxf5 45. Re2 Rf3 46. Rd2 Kf6 47. b3
axb3+ 48. Kxb3 h5 49. Kc3 Kg5 50. Rb2 Rf6 51. Rd2 Rf3 52. Rb2 Rf6 53. Rd2 Kg4
54. d4 Rf3+ 55. Rd3 cxd4+ 56. Kxd4 Rf2 57. h4 Rf5 58. Rb3 Ra5 59. Ke4 Rc5 60.
Kd4 Ra5 61. Ke4 Rc5 62. Kd4 1/2-1/2

[Event "Moscow Open C University Men"]
[Site "Moscow RUS"]
[Date "2011.02.06"]
[Round "9.14"]
[White "Aldokhin, Ivan"]
[Black "Rozhkov, Vecheslav"]
[Result "1-0"]
[WhiteTitle "IM"]
[WhiteElo "2391"]
[BlackElo "2268"]
[WhiteFideId "24115720"]
[BlackFideId "4181484"]
[EventDate "2011.01.29"]

1. e4 c5 2. Nf3 d6 3. d4 cxd4 4. Nxd4 Nf6 5. Nc3 a6 6. f3 e5 7. Nb3 Be6 8. Be3
Be7 9. Qd2 O-O 10. O-O-O Nbd7 11. g4 b5 12. g5 Nh5 13. Kb1 b4 14. Nd5 Bxd5 15.
exd5 a5 16. Nc1 Qc7 17. Ne2 f5 18. f4 Rac8 19. fxe5 f4 20. Bf2 dxe5 21. d6 Bxd6
22. Bh3 e4 23. Qxd6 Qxc2+ 24. Ka1 f3 25. Rc1 Qd3 26. Qxd3 exd3 27. Be6+ Kh8 28.
Rxc8 Rxc8 29. Nd4 d2 30. Kb1 Rd8 31. Bxd7 Rxd7 32. Rd1 1-0

[Event "Moscow Open C University Men"]
[Site "Moscow RUS"]
[Date "2011.02.06"]
[Round "9.16"]
[White "Oganisjn, Roman"]
[Black "Krivenko, Sergey"]
[Result "1-0"]
[WhiteElo "2293"]
[BlackElo "2326"]
[WhiteFideId "4153006"]
[BlackFideId "24124753"]
[EventDate "2011.01.29"]

1. Nf3 c5 2. Nc3 Nc6 3. g3 g6 4. Bg2 Bg7 5. O-O e5 6. e4 Nge7 7. Nh4 O-O 8. d3
d6 9. f4 exf4 10. Bxf4 Be6 11. Qd2 Nd4 12. Nd5 Nxd5 13. exd5 Bg4 14. Rae1 Qd7
15. c3 Nf5 16. Nf3 Rae8 17. Ng5 Rxe1 18. Rxe1 Ne7 19. h3 h6 20. hxg4 hxg5 21.
Bxg5 Nc8 22. Bf3 1-0

[Event "Moscow Open C University Men"]
[Site "Moscow RUS"]
[Date "2011.02.06"]
[Round "9.17"]
[White "Myshkin, Nikita"]
[Black "Rakhimgaliyev, Yerlan"]
[Result "1/2-1/2"]
[BlackTitle "FM"]
[WhiteElo "2174"]
[BlackElo "2320"]
[WhiteFideId "4124561"]
[BlackFideId "13705148"]
[EventDate "2011.01.29"]

1. d4 Nf6 2. c4 e6 3. Nf3 c5 4. d5 b5 5. Bg5 exd5 6. cxd5 d6 7. e4 a6 8. a4 Be7
9. Nbd2 Nxd5 10. Bxe7 Qxe7 11. axb5 O-O 12. Bc4 Nf4 13. O-O Bb7 14. Qb3 axb5 15.
Bxb5 Nc6 16. Qe3 Ne6 17. Bxc6 Bxc6 18. Nc4 d5 19. exd5 Rxa1 20. Rxa1 Bxd5 21.
Nb6 Bxf3 22. Qxf3 Nd4 23. Qd5 Nc2 24. Rf1 Rd8 25. Qc4 Nd4 26. Na4 Ne6 27. h3 h5
28. Nc3 Rd4 29. Qe2 Qg5 30. Qf3 Nf4 31. Ne2 Nxe2+ 32. Qxe2 g6 33. Rd1 Qf5 34.
Re1 Rb4 35. Qe8+ Kh7 36. Qe5 Qxe5 37. Rxe5 Rc4 38. Kf1 Kg7 39. Ke1 Kf6 40. Re2
Rd4 41. Rd2 Ke5 42. Rxd4 Kxd4 43. Kd2 h4 44. Ke2 Kc4 45. Kd2 Kb3 46. Kc1 g5 47.
Kb1 f6 48. Kc1 f5 49. f3 Kc4 50. Kc2 Kd4 51. Kd2 Ke5 52. Ke3 c4 53. Ke2 Kf4 54.
Kf2 g4 55. fxg4 fxg4 56. hxg4 Kxg4 57. Ke2 Kg3 58. Kf1 Kf4 59. Kf2 Kg4 60. Ke2
Kf5 61. Kf3 Kg5 62. Ke3 Kg4 63. Ke2 Kf4 64. Kf2 Ke4 65. Ke2 Kd4 1/2-1/2

[Event "Moscow Open C University Men"]
[Site "Moscow RUS"]
[Date "2011.02.06"]
[Round "9.18"]
[White "Grinenko, Viktor"]
[Black "Koreschikov, Maxim"]
[Result "0-1"]
[BlackTitle "FM"]
[WhiteElo "1981"]
[BlackElo "2309"]
[WhiteFideId "4110609"]
[BlackFideId "24103900"]
[EventDate "2011.01.29"]

1. d4 g6 2. c4 Bg7 3. Nc3 c5 4. e3 Nh6 5. Nf3 O-O 6. Be2 Nf5 7. dxc5 Na6 8. e4
Nh6 9. O-O Nxc5 10. Qc2 d6 11. e5 Bf5 12. Qd1 dxe5 13. Nxe5 Qc7 14. Ng4 Nxg4 15.
Bxg4 e6 16. Bxf5 gxf5 17. Qh5 Kh8 18. Nb5 Qc6 19. Be3 Nd3 20. Rad1 Nxb2 21. Rd4
e5 22. Rh4 Qg6 23. Qe2 f4 24. Bc1 Nd3 25. Rg4 Qh5 26. f3 0-1

[Event "Moscow Open C University Men"]
[Site "Moscow RUS"]
[Date "2011.02.06"]
[Round "9.19"]
[White "Dusenov, Ruslan"]
[Black "Borisovsky, Viktor"]
[Result "1-0"]
[WhiteElo "2285"]
[BlackElo "2118"]
[WhiteFideId "4160770"]
[BlackFideId "24131768"]
[EventDate "2011.01.29"]

1. e4 c6 2. d4 d5 3. exd5 cxd5 4. c4 Nf6 5. Nc3 g6 6. Qb3 Bg7 7. cxd5 O-O 8. Be2
Nbd7 9. Bf3 Nb6 10. Nge2 Bg4 11. Bxg4 Nxg4 12. a4 a5 13. O-O Qd6 14. Bf4 Qb4 15.
Ra3 Rac8 16. Qd1 Qc4 17. d6 exd6 18. Nb5 Nxa4 19. Nxd6 Nxb2 20. Qd2 Qb4 21. Nxc8
Qxa3 22. Bd6 Nc4 23. Bxa3 Nxd2 24. Bxf8 Nxf1 25. Bxg7 Nd2 26. Be5 Nxe5 27. dxe5
b5 28. Ne7+ Kf8 29. Nc6 b4 30. Nxa5 b3 31. Nc3 b2 32. Nc6 Ke8 33. f3 Kd7 34. Nd4
b1=Q+ 35. Nxb1 Nxb1 36. Kf2 Nd2 37. Ke3 Nc4+ 38. Ke4 h6 39. h4 Ke7 40. Nc6+ Kd7
41. Nd4 Ke7 42. f4 Kd7 43. Nf3 Ke7 44. Nd4 Kd7 45. g4 Nb6 46. f5 Nc8 47. e6+ Ke7
48. Nc6+ Kf6 49. fxg6 Kxg6 50. Ne5+ Kf6 51. exf7 Nd6+ 52. Kd5 1-0